NR futures markets in todays environment.Part.2 (Record no. 64134)

MARC details
000 -LEADER
fixed length control field 00320nam a2200121Ia 4500
100 ## - MAIN ENTRY--AUTHOR NAME
Personal name Thevar Aroon
245 #0 - TITLE STATEMENT
Title NR futures markets in todays environment.Part.2
260 ## - PUBLICATION, DISTRIBUTION, ETC. (IMPRINT)
Name of publisher Rubber International Magazine
Year of publication 2002
300 ## - PHYSICAL DESCRIPTION
Number of Pages 35-48
650 ## - SUBJECT ADDED ENTRY--TOPICAL TERM
Topical Term NR market
942 ## - ADDED ENTRY ELEMENTS (KOHA)
Koha item type Journals
Holdings
Withdrawn status Lost status Damaged status Not for loan Home library Current library Shelving location Date acquired Serial Enumeration / chronology Koha item type
      Journals RRII Library RRII Library Agricultural economics 20/03/2002 Volume 4, Issue 38 Journals